<?xml version="1.0" encoding="UTF-8"?>
<marc:record xmlns:marc="http://www.loc.gov/MARC21/slim">
   <marc:leader>00000nam a2200000 a 4500</marc:leader>
   <marc:datafield ind1="1" ind2=" " tag="100">
      <marc:subfield code="a">Spark, Muriel</marc:subfield>
      <marc:subfield code="4">aut</marc:subfield>
      <marc:subfield code="e">Verfasser/-in</marc:subfield>
   </marc:datafield>
   <marc:datafield ind1="0" ind2="0" tag="245">
      <marc:subfield code="a">Die Blütezeit der Miss Jean Brodie</marc:subfield>
   </marc:datafield>
   <marc:datafield ind1="0" ind2="0" tag="245">
      <marc:subfield code="b">Roman</marc:subfield>
   </marc:datafield>
   <marc:datafield ind1="0" ind2="0" tag="245">
      <marc:subfield code="c">Muriel Spark ; aus dem Englischen von Andrea Ott</marc:subfield>
   </marc:datafield>
   <marc:datafield ind1=" " ind2="1" tag="264">
      <marc:subfield code="a">Zürich</marc:subfield>
      <marc:subfield code="b">Diogenes</marc:subfield>
      <marc:subfield code="c">2018</marc:subfield>
   </marc:datafield>
   <marc:datafield ind1="1" ind2=" " tag="520">
      <marc:subfield code="a">Miss Jean Brodie, charismatische und exzentrische Lehrerin an einer Töchterschule im Edinburgh der Dreißigerjahre, will mit ihren unorthodoxen Lehrmethoden ihre Schülerinnen zu kompromisslos selbständigen und romantischen jungen Damen erziehen. Doch nicht nur damit eckt sie an, sondern auch mit ihrem unstatthaften Liebesleben und ihrer heimlichen Begeisterung für den aufkommenden Faschismus. Sechs Mädchen gehören zur »Brodie-Clique«, deren Leben und Phantasien über Jahre von der Lehrerin beherrscht werden, und eine von ihnen wird Miss Brodie verraten.</marc:subfield>
   </marc:datafield>
   <marc:datafield ind1=" " ind2=" " tag="020">
      <marc:subfield code="a">9783257070088</marc:subfield>
      <marc:subfield code="9">9783257070088</marc:subfield>
   </marc:datafield>
   <marc:datafield ind1=" " ind2=" " tag="020">
      <marc:subfield code="a">325707008X</marc:subfield>
      <marc:subfield code="9">325707008X</marc:subfield>
   </marc:datafield>
   <marc:datafield ind1=" " ind2=" " tag="300">
      <marc:subfield code="a">230 Seiten</marc:subfield>
   </marc:datafield>
</marc:record>
